| 000 | 02047cam a22004814i 4500 | ||
|---|---|---|---|
| 003 | PE-LiUPU | ||
| 005 | 20250731172735.0 | ||
| 008 | 150617s1982 enk rb 001 0 eng d | ||
| 035 | _a(Sirsi) a11721 | ||
| 040 |
_aPE-LiUPU _bspa _cPE-LiUPU _dPE-LiUPU _erda |
||
| 049 | _aPRUA | ||
| 082 | 0 | 4 |
_a291.13019 _bB53 _221 |
| 100 | 1 |
_aBinns, E. Randal.; _dc1982, _eautor. |
|
| 245 | 1 | 4 |
_aThe Archaeology of the Mind : _bmodern man in searcha of his roots / _cE. Randall Binns. |
| 264 | 1 |
_aEngland : _bHeffers Printers Limited, _c1982. |
|
| 300 |
_a602 páginas ; _c21 centímetros |
||
| 336 |
_atext _2rdacontent |
||
| 337 |
_aunmediated _2rdamedia |
||
| 338 |
_avolume _2rdacarrier |
||
| 504 | _aBibliografía: páginas 601-602. | ||
| 504 | _aÍndice: páginas 588-600. | ||
| 505 | 0 | _aPreliminary outline of some aspects of jung's psychology -- Biblical principles relevant to jung's concepts -- The primordial images -- Beginnings -- The God-Image -- The shadow, the anima, and the animus -- The mosaic sanctuary -- Solomon's temple and Ezekiel's vision temple -- Alchemy -- The Mandala and related images -- Dreams and the unconscious -- Gaia, ouranos and the early ages of man -- Zeus -- Dionysos -- Hera, Athene and Aphrodite -- Hermes; Kadmos; Apolo -- Demeter and the Eleusinian mysteries -- Oedipos; Bellerophon; Prometheus -- Okeanos. | |
| 526 | _aSEG42 | ||
| 526 | _aSEG41 | ||
| 526 | _aSEG40 | ||
| 526 | _aSEG39 | ||
| 526 | _aP94 | ||
| 526 | _aP87 | ||
| 526 | _aP86 | ||
| 526 | _aP85 | ||
| 526 | _aP77 | ||
| 526 | _aP76 | ||
| 526 | _aP35 | ||
| 630 | 0 | 4 |
_aBiblia _xPsicología. |
| 650 | 1 | 4 | _aPsicología y religión. |
| 910 |
_ajck _bjvq _cjck _d20150616 |
||
| 910 |
_adbm _bjpc _cjpc _d20190425 |
||
| 942 |
_2ddc _cBOOK |
||
| 994 |
_aC0 _bPEPRU |
||
| 596 | _a1 | ||
| 999 |
_a291.13019 B53 _wDEWEY _c1900 _i00480 _f2021-11-11 _g6 _lCCODEBUL1 _mBUL _p10.00 _r0 _sY _tBOOK _u2015-6-17 _xTEOLOGIA _PP35 _0COMPRA _o.STAFF. Colección Teología _d1900 |
||
| 980 |
_81 _gALBERTO SANCHEZ Responsable de Automatización |
||